00493nam a2200145Ia 4500008004100000041000800041082001500049100001800064245004500082260004200127300003100169365000900200999001700209952012100226240624s9999 xx 000 0 und d aeng a332.64 GAN aGANDEVANI NED aWINNING EDGE TRADING SUCCESSFUL AND PROF c2010aNew JerseybJohn Wiley and Sons axvi, : 224 : p. : cm. ; 23 cb30 c15118d15118 00104070aIMTNbIMTNcRack 9-Ad2010-05-12eBWEg59.95o332.64 GANp15118r2024-06-24 00:00:00t48w2024-06-24yBK